| 000 | 00589nam a22002057a 4500 | ||
|---|---|---|---|
| 005 | 20260515115111.0 | ||
| 008 | 250902b |||||||| |||| 00| 0 eng d | ||
| 020 | _a9788198813107 | ||
| 040 |
_aIN-DiNC _cIN-DiNC |
||
| 041 | _dasm | ||
| 082 |
_a301 _bBOR |
||
| 100 |
_aBorah, Birinchi Kumar _eauthor |
||
| 245 |
_aSamajtattwar parichay-I (Major1)/ _cby Birinchi Kumar Borah and Dilip Chutia |
||
| 250 | _a1st ed. | ||
| 260 |
_aJorhat: _bBidya bhawan, _c2025. |
||
| 300 | _a243p. | ||
| 650 | _aIntroduction to sociolog-I (Major1) | ||
| 700 |
_aChutia, Dilip _eauthor |
||
| 942 |
_2ddc _cBK |
||
| 999 |
_c12200 _d12200 |
||